[Event "DVM U20 2023"]
[Site "Magdeburg GER"]
[Date "2023.12.27"]
[Round "1"]
[White "Kanzow, Alexander"]
[Black "Woelk, Tom-Frederic"]
[Result "1-0"]
[Termination "normal"]
[Board "1.1"]
[BlackTitle "FM"]
[WhiteElo "1839"]
[BlackElo "2377"]
[WhiteClock "00:24:14"]
[BlackClock "00:27:58"]
[WhiteTeam "KSV Rochade Göttingen (Veltheim)"]
[BlackTeam "Hamburger SK 1830"]
[PlyCount "99"]
[WhiteFideId "16225414"]
[BlackFideId "12993077"]
[EventCountry "GER"]
[EventRounds "7"]
[EventType "team-swiss"]
[EventDate "2023.12.26"]

1. Nf3 {[%clk 01:30:56]} {[%emt 00:00:03]} d5 {[%clk 01:30:49]} {[%emt
00:00:13]} 2. c4 {[%clk 01:31:17]} {[%emt 00:00:08]} e6 {[%clk 01:30:44]}
{[%emt 00:00:35]} 3. d4 {[%clk 01:31:36]} {[%emt 00:00:10]} Nf6 {[%clk
01:30:50]} {[%emt 00:00:24]} 4. g3 {[%clk 01:31:53]} {[%emt 00:00:14]} dxc4
{[%clk 01:28:40]} {[%emt 00:02:40]} 5. Bg2 {[%clk 01:31:34]} {[%emt 00:00:48]}
a6 {[%clk 01:25:42]} {[%emt 00:03:29]} 6. Ne5 {[%clk 01:28:42]} {[%emt
00:03:21]} Bb4+ {[%clk 01:25:34]} {[%emt 00:00:39]} 7. Nc3 {[%clk 01:28:51]}
{[%emt 00:00:22]} Nd5 {[%clk 01:25:33]} {[%emt 00:00:32]} 8. O-O {[%clk
01:26:04]} {[%emt 00:03:17]} O-O {[%clk 01:14:47]} {[%emt 00:11:16]} 9. Qc2
{[%clk 01:20:08]} {[%emt 00:06:25]} b5 {[%clk 01:05:57]} {[%emt 00:09:20]} 10.
a4 {[%clk 01:18:53]} {[%emt 00:01:45]} f6 {[%clk 00:54:40]} {[%emt 00:11:48]}
11. Nf3 {[%clk 01:15:57]} {[%emt 00:03:25]} c6 {[%clk 00:50:20]} {[%emt
00:04:51]} 12. axb5 {[%clk 01:13:28]} {[%emt 00:02:58]} Bxc3 {[%clk 00:50:26]}
{[%emt 00:00:24]} 13. bxc3 {[%clk 01:13:48]} {[%emt 00:00:10]} cxb5 {[%clk
00:50:51]} {[%emt 00:00:05]} 14. e4 {[%clk 01:12:15]} {[%emt 00:02:03]} Nb6
{[%clk 00:49:21]} {[%emt 00:02:01]} 15. e5 {[%clk 01:05:11]} {[%emt 00:07:33]}
f5 {[%clk 00:46:12]} {[%emt 00:03:39]} 16. Ba3 {[%clk 01:04:57]} {[%emt
00:00:44]} Rf7 {[%clk 00:43:50]} {[%emt 00:02:52]} 17. d5 {[%clk 00:57:58]}
{[%emt 00:07:29]} Nxd5 {[%clk 00:43:09]} {[%emt 00:01:11]} 18. Nd4 {[%clk
00:58:09]} {[%emt 00:00:18]} Qb6 {[%clk 00:32:48]} {[%emt 00:10:52]} 19. Nxf5
{[%clk 00:54:40]} {[%emt 00:04:00]} Rxf5 {[%clk 00:33:05]} {[%emt 00:00:13]}
20. Qxf5 {[%clk 00:55:02]} {[%emt 00:00:07]} exf5 {[%clk 00:29:28]} {[%emt
00:04:08]} 21. Bxd5+ {[%clk 00:55:14]} {[%emt 00:00:18]} Be6 {[%clk 00:27:30]}
{[%emt 00:02:28]} 22. Bxa8 {[%clk 00:55:35]} {[%emt 00:00:10]} Nd7 {[%clk
00:20:20]} {[%emt 00:07:39]} 23. Rfe1 {[%clk 00:46:38]} {[%emt 00:09:26]} Qb8
{[%clk 00:16:13]} {[%emt 00:04:38]} 24. Bg2 {[%clk 00:46:36]} {[%emt 00:00:30]}
a5 {[%clk 00:16:27]} {[%emt 00:00:19]} 25. Bc1 {[%clk 00:41:48]} {[%emt
00:05:17]} Qc7 {[%clk 00:15:05]} {[%emt 00:01:52]} 26. Rb1 {[%clk 00:40:53]}
{[%emt 00:01:24]} b4 {[%clk 00:11:25]} {[%emt 00:04:11]} 27. cxb4 {[%clk
00:40:13]} {[%emt 00:01:09]} axb4 {[%clk 00:11:38]} {[%emt 00:00:17]} 28. Rxb4
{[%clk 00:37:36]} {[%emt 00:03:06]} Nc5 {[%clk 00:11:59]} {[%emt 00:00:10]} 29.
Rb5 {[%clk 00:20:56]} {[%emt 00:17:10]} c3 {[%clk 00:08:01]} {[%emt 00:04:29]}
30. Be3 {[%clk 00:14:01]} {[%emt 00:07:24]} Nd3 {[%clk 00:06:01]} {[%emt
00:02:30]} 31. Ra1 {[%clk 00:10:48]} {[%emt 00:03:43]} c2 {[%clk 00:02:54]}
{[%emt 00:03:38]} 32. Rb7 {[%clk 00:10:42]} {[%emt 00:00:35]} Qc8 {[%clk
00:01:54]} {[%emt 00:01:29]} 33. Rb6 {[%clk 00:10:13]} {[%emt 00:00:59]} Qc3
{[%clk 00:00:49]} {[%emt 00:01:35]} 34. Ra8+ {[%clk 00:09:44]} {[%emt
00:00:59]} Bc8 {[%clk 00:00:48]} {[%emt 00:00:32]} 35. Bf1 {[%clk 00:04:21]}
{[%emt 00:05:53]} c1=Q {[%clk 00:00:36]} {[%emt 00:00:43]} 36. Bxc1 {[%clk
00:04:39]} {[%emt 00:00:11]} Qxc1 {[%clk 00:00:57]} {[%emt 00:00:09]} 37. Rbb8
{[%clk 00:02:44]} {[%emt 00:02:25]} Kf7 {[%clk 00:01:22]} {[%emt 00:00:07]} 38.
Rxc8 {[%clk 00:02:49]} {[%emt 00:00:24]} Qe1 {[%clk 00:01:51]} {[%emt
00:00:01]} 39. e6+ {[%clk 00:02:58]} {[%emt 00:00:20]} Kg6 {[%clk 00:01:56]}
{[%emt 00:00:26]} 40. Rc2 {[%clk 00:03:00]} {[%emt 00:00:27]} Qe4 {[%clk
00:01:47]} {[%emt 00:00:38]} 41. e7 {[%clk 00:27:47]} {[%emt 00:05:44]} Qxe7
{[%clk 00:25:43]} {[%emt 00:06:33]} 42. Bxd3 {[%clk 00:27:55]} {[%emt
00:00:21]} Qd7 {[%clk 00:25:41]} {[%emt 00:00:33]} 43. Be2 {[%clk 00:27:20]}
{[%emt 00:01:05]} Kh6 {[%clk 00:25:50]} {[%emt 00:00:22]} 44. Rac8 {[%clk
00:25:15]} {[%emt 00:02:33]} g6 {[%clk 00:26:06]} {[%emt 00:00:15]} 45. R8c7
{[%clk 00:25:01]} {[%emt 00:00:43]} Qd4 {[%clk 00:26:29]} {[%emt 00:00:07]} 46.
R7c4 {[%clk 00:24:16]} {[%emt 00:01:15]} Qa1+ {[%clk 00:26:47]} {[%emt
00:00:12]} 47. Kg2 {[%clk 00:24:20]} {[%emt 00:00:25]} Kg5 {[%clk 00:27:08]}
{[%emt 00:00:10]} 48. h4+ {[%clk 00:23:57]} {[%emt 00:00:52]} Kh6 {[%clk
00:27:33]} {[%emt 00:00:07]} 49. Rc7 {[%clk 00:24:00]} {[%emt 00:00:26]} Qe5
{[%clk 00:27:58]} {[%emt 00:00:05]} 50. Bf3 {[%clk 00:24:14]} {[%emt 00:00:16]}
1-0

[Event "DVM U20 2023"]
[Site "Magdeburg GER"]
[Date "2023.12.27"]
[Round "1"]
[White "Garner, Isaac"]
[Black "Mimkes, Antal"]
[Result "1-0"]
[Termination "normal"]
[Board "1.2"]
[WhiteElo "2297"]
[BlackElo "1823"]
[WhiteClock "00:13:19"]
[BlackClock "00:22:00"]
[WhiteTeam "Hamburger SK 1830"]
[BlackTeam "KSV Rochade Göttingen (Veltheim)"]
[PlyCount "97"]
[WhiteFideId "16239261"]
[BlackFideId "16265963"]
[EventCountry "GER"]
[EventRounds "7"]
[EventType "team-swiss"]
[EventDate "2023.12.26"]

1. Nf3 {[%clk 01:30:55]} {[%emt 00:00:03]} f5 {[%clk 01:30:19]} {[%emt
00:00:42]} 2. d3 {[%clk 01:31:12]} {[%emt 00:00:13]} Nf6 {[%clk 01:29:19]}
{[%emt 00:01:30]} 3. e4 {[%clk 01:31:35]} {[%emt 00:00:07]} d6 {[%clk
01:29:49]} 4. exf5 {[%clk 01:19:54]} {[%emt 00:12:11]} Bxf5 {[%clk 01:28:08]}
{[%emt 00:02:11]} 5. d4 {[%clk 01:19:21]} {[%emt 00:01:04]} Nc6 {[%clk
01:19:11]} {[%emt 00:09:27]} 6. Bb5 {[%clk 01:16:54]} {[%emt 00:02:56]} a6
{[%clk 01:16:04]} {[%emt 00:03:37]} 7. Ba4 {[%clk 01:12:47]} {[%emt 00:04:36]}
b5 {[%clk 01:12:27]} {[%emt 00:04:07]} 8. Bb3 {[%clk 01:13:10]} {[%emt
00:00:08]} Na5 {[%clk 01:09:37]} {[%emt 00:03:19]} 9. O-O {[%clk 01:05:59]}
{[%emt 00:07:41]} g6 {[%clk 01:01:30]} {[%emt 00:08:37]} 10. Re1 {[%clk
00:59:03]} {[%emt 00:07:26]} Nxb3 {[%clk 01:00:12]} {[%emt 00:01:48]} 11. axb3
{[%clk 00:59:28]} {[%emt 00:00:06]} Bg7 {[%clk 00:59:40]} {[%emt 00:01:02]} 12.
c4 {[%clk 00:47:32]} {[%emt 00:12:26]} O-O {[%clk 00:55:20]} {[%emt 00:04:51]}
13. Nc3 {[%clk 00:41:58]} {[%emt 00:06:03]} b4 {[%clk 00:52:31]} {[%emt
00:03:20]} 14. Ne2 {[%clk 00:42:24]} {[%emt 00:00:04]} Nd7 {[%clk 00:39:01]}
{[%emt 00:14:01]} 15. Bg5 {[%clk 00:36:22]} {[%emt 00:06:31]} Bg4 {[%clk
00:33:03]} {[%emt 00:06:28]} 16. Nf4 {[%clk 00:30:37]} {[%emt 00:06:15]} Qb8
{[%clk 00:20:13]} {[%emt 00:13:20]} 17. Ne6 {[%clk 00:18:56]} {[%emt 00:12:10]}
Bxf3 {[%clk 00:18:07]} {[%emt 00:02:36]} 18. gxf3 {[%clk 00:19:22]} {[%emt
00:00:05]} Rf5 {[%clk 00:17:51]} {[%emt 00:00:46]} 19. Bxe7 {[%clk 00:19:46]}
{[%emt 00:00:06]} Bf6 {[%clk 00:16:00]} {[%emt 00:02:21]} 20. Bxf6 {[%clk
00:19:33]} {[%emt 00:00:43]} Nxf6 {[%clk 00:16:05]} {[%emt 00:00:25]} 21. Re3
{[%clk 00:16:46]} {[%emt 00:03:17]} Qb7 {[%clk 00:13:44]} {[%emt 00:02:51]} 22.
Qe2 {[%clk 00:15:59]} {[%emt 00:01:16]} Re8 {[%clk 00:12:20]} {[%emt 00:01:54]}
23. Re1 {[%clk 00:13:51]} {[%emt 00:02:39]} Qc8 {[%clk 00:08:36]} {[%emt
00:04:14]} 24. Kh1 {[%clk 00:11:55]} {[%emt 00:02:26]} Qd7 {[%clk 00:05:51]}
{[%emt 00:03:15]} 25. d5 {[%clk 00:10:52]} {[%emt 00:01:32]} Qf7 {[%clk
00:04:27]} {[%emt 00:01:54]} 26. Nd4 {[%clk 00:10:19]} {[%emt 00:01:03]} Rxe3
{[%clk 00:03:38]} {[%emt 00:01:19]} 27. fxe3 {[%clk 00:10:39]} {[%emt
00:00:08]} Rh5 {[%clk 00:03:45]} {[%emt 00:00:26]} 28. Ra1 {[%clk 00:09:51]}
{[%emt 00:01:17]} Nd7 {[%clk 00:02:56]} {[%emt 00:01:18]} 29. Rxa6 {[%clk
00:06:58]} {[%emt 00:03:24]} Nc5 {[%clk 00:02:05]} {[%emt 00:01:22]} 30. Ra1
{[%clk 00:05:40]} {[%emt 00:01:48]} Qd7 {[%clk 00:02:17]} {[%emt 00:00:18]} 31.
Rg1 {[%clk 00:05:48]} {[%emt 00:00:22]} Qh3 {[%clk 00:01:40]} {[%emt 00:01:08]}
32. Qg2 {[%clk 00:05:49]} {[%emt 00:00:29]} Nd3 {[%clk 00:00:40]} {[%emt
00:01:30]} 33. Qxh3 Rxh3 {[%clk 00:01:08]} 34. Rg2 {[%clk 00:04:57]} {[%emt
00:01:24]} Kf7 {[%clk 00:01:22]} {[%emt 00:00:17]} 35. Rd2 {[%clk 00:04:30]}
{[%emt 00:00:57]} Ne5 {[%clk 00:01:15]} {[%emt 00:00:37]} 36. Kg2 {[%clk
00:04:47]} {[%emt 00:00:13]} Rh5 {[%clk 00:01:44]} {[%emt 00:00:01]} 37. h3
{[%clk 00:04:37]} {[%emt 00:00:40]} Rg5+ {[%clk 00:01:56]} {[%emt 00:00:19]}
38. Kf2 {[%clk 00:04:58]} {[%emt 00:00:08]} Rh5 {[%clk 00:02:24]} {[%emt
00:00:02]} 39. Kg3 {[%clk 00:03:37]} {[%emt 00:01:51]} Rg5+ {[%clk 00:02:52]}
{[%emt 00:00:03]} 40. Kh2 {[%clk 00:03:26]} {[%emt 00:00:39]} Rh5 {[%clk
00:02:05]} {[%emt 00:01:17]} 41. Rd1 {[%clk 00:01:36]} {[%emt 00:02:19]} Ke8
{[%clk 00:26:58]} {[%emt 00:05:38]} 42. Ra1 {[%clk 00:29:36]} {[%emt 00:02:30]}
Kd7 {[%clk 00:26:32]} {[%emt 00:00:57]} 43. Ra4 {[%clk 00:19:29]} {[%emt
00:10:37]} Nd3 {[%clk 00:25:26]} {[%emt 00:01:36]} 44. Ra8 {[%clk 00:19:46]}
{[%emt 00:00:13]} Ne5 {[%emt 00:05:06]} 45. f4 {[%clk 00:18:25]} {[%emt
00:01:48]} Nf7 {[%clk 00:21:21]} {[%emt 00:00:02]} 46. Nc6 {[%clk 00:14:47]}
{[%emt 00:04:07]} Rf5 {[%clk 00:21:32]} {[%emt 00:00:20]} 47. Nxb4 {[%clk
00:13:09]} {[%emt 00:02:07]} g5 {[%clk 00:21:51]} {[%emt 00:00:12]} 48. Kg3
{[%clk 00:13:22]} {[%emt 00:00:17]} h5 {[%clk 00:22:00]} {[%emt 00:00:21]} 49.
Nd3 {[%clk 00:13:19]} {[%emt 00:00:33]} 1-0

[Event "DVM U20 2023"]
[Site "Magdeburg GER"]
[Date "2023.12.27"]
[Round "1"]
[White "Mimkes, Pavel"]
[Black "Hommer, Jeremy"]
[Result "0-1"]
[Termination "normal"]
[Board "1.3"]
[BlackTitle "FM"]
[WhiteElo "1760"]
[BlackElo "2305"]
[WhiteClock "00:03:47"]
[BlackClock "00:15:02"]
[WhiteTeam "KSV Rochade Göttingen (Veltheim)"]
[BlackTeam "Hamburger SK 1830"]
[PlyCount "52"]
[WhiteFideId "12990833"]
[BlackFideId "12992577"]
[EventCountry "GER"]
[EventRounds "7"]
[EventType "team-swiss"]
[EventDate "2023.12.26"]

1. e4 {[%clk 01:30:57]} {[%emt 00:00:02]} e6 {[%clk 01:30:34]} {[%emt
00:00:27]} 2. c4 {[%clk 01:30:25]} {[%emt 00:01:02]} d5 {[%clk 01:29:49]}
{[%emt 00:01:15]} 3. cxd5 {[%clk 01:30:23]} {[%emt 00:00:31]} exd5 {[%clk
01:30:02]} {[%emt 00:00:18]} 4. Qb3 {[%clk 01:29:53]} {[%emt 00:00:59]} dxe4
{[%clk 01:22:47]} {[%emt 00:07:45]} 5. Bc4 {[%clk 01:29:33]} {[%emt 00:00:49]}
Qe7 {[%clk 01:19:00]} {[%emt 00:04:18]} 6. Nc3 {[%clk 01:27:24]} {[%emt
00:02:39]} Nf6 {[%clk 01:18:31]} {[%emt 00:00:59]} 7. d3 {[%clk 01:25:36]}
{[%emt 00:02:17]} Nbd7 {[%clk 01:13:04]} {[%emt 00:05:57]} 8. Be3 {[%clk
01:12:26]} {[%emt 00:13:40]} c6 {[%clk 00:52:13]} {[%emt 00:21:22]} 9. dxe4
{[%clk 00:58:28]} {[%emt 00:14:28]} Ne5 {[%clk 00:50:18]} {[%emt 00:02:23]} 10.
Be2 {[%clk 00:51:23]} {[%emt 00:07:36]} Be6 {[%clk 00:50:24]} {[%emt 00:00:25]}
11. Qc2 {[%clk 00:50:23]} {[%emt 00:01:30]} Qb4 {[%clk 00:39:15]} {[%emt
00:11:39]} 12. O-O-O {[%clk 00:44:36]} {[%emt 00:06:17]} Bc5 {[%clk 00:36:53]}
{[%emt 00:02:51]} 13. Bd2 {[%clk 00:41:18]} {[%emt 00:03:48]} Bd4 {[%clk
00:26:08]} {[%emt 00:11:16]} 14. Na4 {[%clk 00:33:01]} {[%emt 00:08:46]} Qe7
{[%clk 00:26:29]} {[%emt 00:00:10]} 15. Bf4 {[%clk 00:23:25]} {[%emt 00:10:06]}
Ng6 {[%clk 00:25:20]} {[%emt 00:01:39]} 16. Rxd4 {[%clk 00:16:46]} {[%emt
00:07:08]} Nxf4 {[%clk 00:25:44]} {[%emt 00:00:06]} 17. e5 {[%clk 00:16:40]}
{[%emt 00:00:37]} N6d5 {[%clk 00:24:59]} {[%emt 00:01:15]} 18. Nc5 {[%clk
00:16:08]} {[%emt 00:01:01]} Qg5 {[%clk 00:23:09]} {[%emt 00:02:20]} 19. Rd2
{[%clk 00:12:52]} {[%emt 00:03:46]} Qxg2 {[%clk 00:18:02]} {[%emt 00:05:37]}
20. Bf3 {[%clk 00:13:12]} {[%emt 00:00:09]} Qf1+ {[%clk 00:17:47]} {[%emt
00:00:46]} 21. Rd1 {[%clk 00:13:15]} {[%emt 00:00:26]} Qb5 {[%clk 00:17:36]}
{[%emt 00:00:41]} 22. Ne4 {[%clk 00:12:25]} {[%emt 00:01:20]} O-O {[%clk
00:17:38]} {[%emt 00:00:29]} 23. a3 {[%clk 00:09:51]} {[%emt 00:03:05]} Ne7
{[%clk 00:16:57]} {[%emt 00:01:09]} 24. Nc5 {[%clk 00:04:22]} {[%emt 00:06:00]}
Rad8 {[%clk 00:14:33]} {[%emt 00:02:54]} 25. Rxd8 {[%clk 00:04:30]} {[%emt
00:00:22]} Rxd8 {[%clk 00:14:57]} {[%emt 00:00:05]} 26. Be4 {[%clk 00:03:47]}
{[%emt 00:01:13]} Qf1+ {[%clk 00:15:02]} {[%emt 00:00:25]} 0-1

[Event "DVM U20 2023"]
[Site "Magdeburg GER"]
[Date "2023.12.27"]
[Round "1"]
[White "Weihrauch, Jakob"]
[Black "Nizamova, Rita"]
[Result "1-0"]
[Termination "normal"]
[Board "1.4"]
[WhiteTitle "FM"]
[WhiteElo "2257"]
[BlackElo "1794"]
[WhiteClock "01:30:57"]
[BlackClock "01:30:57"]
[WhiteTeam "Hamburger SK 1830"]
[BlackTeam "KSV Rochade Göttingen (Veltheim)"]
[PlyCount "34"]
[WhiteFideId "16210115"]
[BlackFideId "16221940"]
[EventCountry "GER"]
[EventRounds "7"]
[EventType "team-swiss"]
[EventDate "2023.12.26"]

1. e4 {[%clk 01:30:57]} c6 {[%clk 01:30:57]} 2. d4 {[%clk 01:30:57]} d5 {[%clk
01:30:57]} 3. e5 {[%clk 01:30:57]} Bf5 {[%clk 01:30:57]} 4. Nd2 {[%clk
01:30:57]} e6 {[%clk 01:30:57]} 5. Nb3 {[%clk 01:30:57]} Ne7 {[%clk 01:30:57]}
6. Nf3 {[%clk 01:30:57]} Qb6 {[%clk 01:30:57]} 7. a4 {[%clk 01:30:57]} Nd7
{[%clk 01:30:57]} 8. a5 {[%clk 01:30:57]} Qc7 {[%clk 01:30:57]} 9. Be2 {[%clk
01:30:57]} c5 {[%clk 01:30:57]} 10. Nxc5 {[%clk 01:30:57]} Nxc5 {[%clk
01:30:57]} 11. dxc5 {[%clk 01:30:57]} Nc6 {[%clk 01:30:57]} 12. Be3 {[%clk
01:30:57]} Be7 {[%clk 01:30:57]} 13. Bb5 {[%clk 01:30:57]} Bg4 {[%clk
01:30:57]} 14. a6 {[%clk 01:30:57]} O-O {[%clk 01:30:57]} 15. axb7 {[%clk
01:30:57]} Rab8 {[%clk 01:30:57]} 16. Bxc6 {[%clk 01:30:57]} Bxf3 {[%clk
01:30:57]} 17. Qxf3 {[%clk 01:30:57]} Qxc6 {[%clk 01:30:57]} 1-0

[Event "DVM U20 2023"]
[Site "Magdeburg GER"]
[Date "2023.12.27"]
[Round "1"]
[White "Tulchynsky, David"]
[Black "Avdic, Faris"]
[Result "0-1"]
[Termination "normal"]
[Board "1.5"]
[WhiteElo "1748"]
[BlackElo "2197"]
[WhiteClock "00:31:14"]
[BlackClock "01:13:50"]
[WhiteTeam "KSV Rochade Göttingen (Veltheim)"]
[BlackTeam "Hamburger SK 1830"]
[PlyCount "42"]
[WhiteFideId "16289560"]
[BlackFideId "14422328"]
[EventCountry "GER"]
[EventRounds "7"]
[EventType "team-swiss"]
[EventDate "2023.12.26"]

1. e4 {[%clk 01:30:43]} {[%emt 00:00:16]} e6 {[%clk 01:30:49]} {[%emt
00:00:10]} 2. d3 {[%clk 01:31:04]} {[%emt 00:00:09]} d5 {[%clk 01:31:10]}
{[%emt 00:00:09]} 3. Nd2 {[%clk 01:31:27]} {[%emt 00:00:08]} Nf6 {[%clk
01:31:32]} {[%emt 00:00:07]} 4. Ngf3 {[%clk 01:31:41]} {[%emt 00:00:16]} Nc6
{[%clk 01:31:51]} {[%emt 00:00:10]} 5. g3 {[%clk 01:31:09]} {[%emt 00:01:03]}
dxe4 {[%clk 01:32:10]} {[%emt 00:00:11]} 6. dxe4 {[%clk 01:31:06]} {[%emt
00:00:34]} Bc5 {[%clk 01:32:28]} {[%emt 00:00:11]} 7. h3 {[%clk 01:26:47]}
{[%emt 00:04:50]} O-O {[%clk 01:31:59]} {[%emt 00:00:59]} 8. Bg2 {[%clk
01:23:29]} {[%emt 00:03:50]} e5 {[%clk 01:31:50]} {[%emt 00:00:38]} 9. O-O
{[%clk 01:23:02]} {[%emt 00:00:57]} a5 {[%clk 01:31:09]} {[%emt 00:01:11]} 10.
Qe2 {[%emt 00:18:54]} b6 {[%clk 01:29:52]} {[%emt 00:01:45]} 11. Nb3 {[%clk
00:58:15]} {[%emt 00:06:55]} Ba6 {[%clk 01:29:12]} {[%emt 00:01:10]} 12. c4
{[%clk 00:58:31]} {[%emt 00:00:15]} Qe7 {[%clk 01:23:14]} {[%emt 00:06:29]} 13.
Bg5 {[%clk 00:57:51]} {[%emt 00:01:08]} Qe6 {[%clk 01:19:41]} {[%emt 00:04:04]}
14. Nxc5 {[%clk 00:49:03]} {[%emt 00:09:18]} bxc5 {[%clk 01:19:56]} {[%emt
00:00:14]} 15. b3 {[%clk 00:48:59]} {[%emt 00:00:35]} Ne8 {[%clk 01:19:04]}
{[%emt 00:01:23]} 16. Rad1 {[%clk 00:40:07]} {[%emt 00:09:22]} Nd6 {[%clk
01:17:36]} {[%emt 00:01:58]} 17. Ne1 {[%clk 00:36:05]} {[%emt 00:04:31]} Nd4
{[%clk 01:16:48]} {[%emt 00:01:19]} 18. Qd3 {[%clk 00:31:29]} {[%emt 00:05:06]}
a4 {[%clk 01:16:18]} {[%emt 00:01:00]} 19. Be3 {[%clk 00:30:30]} {[%emt
00:01:29]} axb3 {[%clk 01:13:22]} {[%emt 00:03:25]} 20. axb3 {[%clk 00:30:59]}
{[%emt 00:00:02]} Nxc4 {[%clk 01:13:29]} {[%emt 00:00:23]} 21. bxc4 {[%clk
00:31:14]} {[%emt 00:00:16]} Bxc4 {[%clk 01:13:50]} {[%emt 00:00:08]} 0-1

[Event "DVM U20 2023"]
[Site "Magdeburg GER"]
[Date "2023.12.27"]
[Round "1"]
[White "Kotyk, Michael"]
[Black "Tulchynsky, Mark"]
[Result "1-0"]
[Termination "normal"]
[Board "1.6"]
[WhiteTitle "CM"]
[WhiteElo "2137"]
[BlackElo "1625"]
[WhiteClock "01:30:58"]
[BlackClock "01:30:56"]
[WhiteTeam "Hamburger SK 1830"]
[BlackTeam "KSV Rochade Göttingen (Veltheim)"]
[PlyCount "50"]
[WhiteFideId "16214501"]
[BlackFideId "34617698"]
[EventCountry "GER"]
[EventRounds "7"]
[EventType "team-swiss"]
[EventDate "2023.12.26"]

1. d4 {[%clk 01:30:58]} d5 {[%clk 01:30:56]} 2. c4 {[%clk 01:30:58]} e6 {[%clk
01:30:56]} 3. Nc3 {[%clk 01:30:58]} Nf6 {[%clk 01:30:56]} 4. cxd5 {[%clk
01:30:58]} exd5 {[%clk 01:30:56]} 5. Bg5 {[%clk 01:30:58]} Be7 {[%clk
01:30:56]} 6. e3 {[%clk 01:30:58]} c6 {[%clk 01:30:56]} 7. Bd3 {[%clk
01:30:58]} Be6 {[%clk 01:30:56]} 8. Qc2 {[%clk 01:30:58]} h6 {[%clk 01:30:56]}
9. Bh4 {[%clk 01:30:58]} Nbd7 {[%clk 01:30:56]} 10. Nge2 {[%clk 01:30:58]} O-O
{[%clk 01:30:56]} 11. Nf4 {[%clk 01:30:58]} Rc8 {[%clk 01:30:56]} 12. O-O
{[%clk 01:30:58]} Bd6 {[%clk 01:30:56]} 13. Bg3 {[%clk 01:30:58]} Qe7 {[%clk
01:30:56]} 14. Rfe1 {[%clk 01:30:58]} Rfe8 {[%clk 01:30:56]} 15. a3 {[%clk
01:30:58]} c5 {[%clk 01:30:56]} 16. dxc5 {[%clk 01:30:58]} Nxc5 {[%clk
01:30:56]} 17. Rad1 {[%clk 01:30:58]} Bxf4 {[%clk 01:30:56]} 18. Bxf4 {[%clk
01:30:58]} Nce4 {[%clk 01:30:56]} 19. Bxe4 {[%clk 01:30:58]} Nxe4 {[%clk
01:30:56]} 20. Rd3 {[%clk 01:30:58]} g5 {[%clk 01:30:56]} 21. Bg3 {[%clk
01:30:58]} Nxg3 {[%clk 01:30:56]} 22. hxg3 {[%clk 01:30:58]} Bf5 {[%clk
01:30:56]} 23. e4 {[%clk 01:30:58]} dxe4 {[%clk 01:30:56]} 24. Rde3 {[%clk
01:30:58]} Bg6 {[%clk 01:30:56]} 25. Qa4 {[%clk 01:30:58]} g4 {[%clk 01:30:56]}
1-0